| 000 | nam a22 7a 4500 | ||
|---|---|---|---|
| 999 |
_c129244 _d129244 |
||
| 008 | 190326b xxu||||| |||| 00| 0 eng d | ||
| 020 | _a9780465017225 | ||
| 050 | _aRC504.P56 1990 | ||
| 100 |
_aPine, Fred _945348 |
||
| 245 |
_aDrive, ego, object, and self _bA sythesis for clinical work |
||
| 260 |
_aNew York _bBasic books, Inc. _cc1990 |
||
| 300 |
_axiii, 279p. ; _c24cm. |
||
| 650 |
_aPsychoanalysis _945349 |
||
| 942 |
_2lcc _cMONOGRAPH |
||